000 00571cam a22002053a 4500
001 41485
003 PGUSA
005 20140828083932.0
008 121125s2012||||xxu|||||s|||||000 | eng d
040 _aPGUSA
_beng
042 _adc
100 1 _aRiley, B. F.
245 1 0 _aMakers and Romance of Alabama History
_h[electronic resource] /
_cB. F. Riley
260 _bProject Gutenberg,
_c2012
506 _aPublic domain in the USA.
516 _aElectronic text
830 0 _aProject Gutenberg
_v41485
856 4 0 _uhttp://www.gutenberg.org/ebooks/41485
942 _cEB
999 _c270737
_d270737